[Event "10th Norway Chess 2022"]
[Site "Stavanger"]
[Date "2022.06.09"]
[Round "8.2"]
[White "Radjabov, Teimour"]
[Black "Wang, Hao"]
[Result "1-0"]
[WhiteElo "2753"]
[BlackElo "2744"]
[Annotator "TA"]
[PlyCount "107"]
[EventDate "2022.05.30"]
[EventType "tourn"]
[EventCountry "NOR"]
[SourceTitle "playchess.com"]
[Source "ChessBase"]
[SourceQuality "1"]

{[%evp 15,107,17,17,6,12,10,22,0,0,0,0,-8,0,0,14,14,41,52,62,80,120,113,108,108,108,110,105,109,151,151,151,150,151,151,151,151,175,116,112,110,124,118,135,125,162,158,162,150,205,214,229,209,208,219,281,188,188,188,188,193,177,181,338,175,165,175,217,206,218,212,224,210,272,213,270,277,276,272,266,275,437,450,397,330,295,254,404,402,380,307,493,500,532,516]} 1. e4 e5 {[%emt 0:00:02]} 2. Nf3 Nf6 {[%emt 0:00:01]} 3. Nc3 {[%emt 0:00:15]} Nc6 {[%emt 0:00:01]} 4. Bb5 Nd4 {[%emt 0:00:01]} 5. O-O {[%emt 0:00:12]} Nxb5 {[%emt 0:00:06]} 6. Nxb5 {[%emt 0:00:01]} c6 {[%emt 0:00:03]} 7. Nc3 {[%emt 0:00:01]} d6 {[%emt 0:00:01]} 8. d4 {[%emt 0:00:08]} Qc7 {[%emt 0:00:04]} 9. h3 {[%emt 0:00:05] C48: Four Knights: 4 Bb5, replies other than 4...Bb4.} h6 {[%emt 0:00:15]} 10. Re1 {[%emt 0:00:12]} Be7 {[%emt 0:00:01]} 11. Be3 {[%emt 0:00:05] The position is equal.} O-O {[%emt 0:00:07]} 12. a4 {[%emt 0:00:08] [#]} Re8 $146 {[%emt 0:00:14]} ({Predecessor:} 12... Be6 13. Qe2 b6 14. Qa6 Nd7 15. Rad1 f5 16. dxe5 dxe5 17. exf5 Rxf5 18. Qe2 Nf8 {1-0 (46) Gallagher,J (2544)-Cobb,J (2343) Saint Vincent 2005}) 13. Qd3 {[%emt 0:00:25]} Bf8 {[%emt 0:00:02]} 14. Rad1 {[%emt 0:00:08]} a5 {[%emt 0:00:10]} 15. Nd2 {[%emt 0:01:01]} exd4 {[%emt 0:00:03]} 16. Bxd4 {[%emt 0:00:01]} Nd7 {[%emt 0:00:02]} 17. Qg3 {[%emt 0:00:08]} Qd8 {[%emt 0:00:26]} 18. Nc4 {[%emt 0:00:10] 0x0.002079c11ba5dp-1022s more active pieces.} Qg5 {[%emt 0:00:10]} 19. Qxg5 {[%emt 0:00:32]} hxg5 {[%emt 0:00:04]} 20. Be3 {[%csl LRd6,LRg5]} f6 {[%emt 0:00:13]} 21. Nxd6 {[%emt 0:00:03]} Bxd6 {[%emt 0:00:01]} 22. Rxd6 {[%emt 0:00:01]} Ne5 {[%emt 0:00:01]} 23. b3 {[%emt 0:00:01] Inhibits Nc4.} Be6 {[%emt 0:00:29]} 24. Red1 {[%emt 0:00:04]} Kf7 {[%emt 0:00:05]} 25. f3 {[%emt 0:00:07]} Rh8 {[%emt 0:00:16]} 26. f4 {[%emt 0:02:11]} ({White should try} 26. Ne2 $18) 26... gxf4 $16 {[%emt 0:00:06]} 27. Bxf4 Ng6 {[%emt 0:00:13]} 28. Be3 {[%emt 0:00:06]} Ne5 {[%emt 0:00:14]} 29. Bd4 {[%emt 0:00:06]} Rh5 {[%emt 0:00:14]} 30. Ne2 {[%emt 0:00:05] [#] Threatens to win with Nf4.} Ng6 {[%emt 0:00:01] Inhibits Nf4.} 31. Ng3 {[%emt 0:00:10]} Rg5 {[%emt 0:00:13]} (31... Rhh8 $16 {was necessary.} 32. Bc3 Ne5) 32. Kf2 $18 {[%emt 0:00:08]} Rh8 {[%emt 0:00:24]} 33. Be3 {[%emt 0:00:09]} Re5 34. Rd8 {[%emt 0:00:01]} Re8 {[%emt 0:00:08]} 35. Rxe8 {[%emt 0:00:23]} Kxe8 {[%emt 0:00:02]} 36. Bb6 {[%emt 0:00:03] Black must now prevent Rd8+.} Bd7 {[%emt 0:00:05]} 37. Bc7 {[%emt 0:00:12]} Rg5 {[%emt 0:00:14]} 38. Rd2 {[%emt 0:00:07]} b5 $2 {[%emt 0:00:07]} (38... Ke7 39. Nf1 Rh5) 39. axb5 {[%emt 0:00:05]} (39. b4 $142) 39... Rxb5 {[%emt 0:00:02]} 40. Ne2 {[%emt 0:00:03]} Rb4 {[%emt 0:00:22]} 41. Nc3 {[%emt 0:00:02] Prevents a4.} ({Resist} 41. Bxa5 $6 Rxe4 42. c4 Re5) 41... Rb7 {[%emt 0:00:07]} 42. Bxa5 {[%emt 0:00:04]} Ne5 {[%emt 0:00:02]} 43. Na4 {[%emt 0:00:20]} Ra7 {[%emt 0:00:06]} 44. Bc3 {[%emt 0:00:07] Strongly threatening Bxe5.} Nc4 {[%emt 0:00:08]} 45. Re2 {[%emt 0:00:08]} ({Weaker is} 45. bxc4 Rxa4 46. e5 Rxc4 47. exf6 gxf6 $16) 45... Bc8 {[%emt 0:00:05]} 46. Nc5 {[%emt 0:00:03]} Nd6 {[%emt 0:00:06]} 47. e5 {[%emt 0:00:02]} Nb5 {[%emt 0:00:09]} (47... fxe5 {is a better defense.} 48. Bxe5 Rf7+ 49. Ke1 Nb7) 48. exf6+ {[%emt 0:00:16]} Kf7 49. Bb2 {[%emt 0:00:22]} gxf6 {[%emt 0:00:02]} 50. c4 Nc7 {[%emt 0:00:02]} (50... Nd6 {keeps fighting.} 51. g4 f5) 51. Ne4 {[%emt 0:00:02] [#] aiming for Nd6+.} Ne8 {[%emt 0:00:02] Inhibits Nd6+.} 52. g4 {[%emt 0:00:05] Against Bf5} Bd7 $2 {[%emt 0:00:06]} (52... Kg6 53. Nc5 Nd6) 53. Kg3 {[%emt 0:00:03]} Ra2 {[%emt 0:00:08]} 54. Rf2 {Weighted Error Value: White=0.14 (very precise) /Black=0.28 (precise)} 1-0

[Event "10th Norway Chess 2022"]
[Site "Stavanger"]
[Date "2022.06.10"]
[Round "9.1"]
[White "Mamedyarov, Shakhriyar"]
[Black "Radjabov, Teimour"]
[Result "1/2-1/2"]
[WhiteElo "2770"]
[BlackElo "2753"]
[Annotator "TA"]
[PlyCount "69"]
[EventDate "2022.05.30"]
[EventType "tourn"]
[EventCountry "NOR"]
[SourceTitle "playchess.com"]
[Source "ChessBase"]
[SourceQuality "1"]
[TimeControl "40/7200:0"]

{[%evp 15,69,10,15,0,0,-14,-15,-15,-12,-20,-11,0,-8,-16,0,-4,76,65,60,75,84,56,83,23,35,45,52,0,0,0,0,0,34,20,17,8,8,10,10,22,22,17,45,0,0,0,0,0,0,0,0,0,55,0,0,-18]} 1. d4 {[%emt 0:00:01]} Nf6 {[%emt 0:00:06]} 2. c4 {[%emt 0:00:03]} e6 {[%emt 0:00:14]} 3. Nf3 {[%emt 0:00:04]} d5 {[%emt 0:00:23]} 4. g3 {[%emt 0:00:04]} Bb4+ {[%emt 0:06:44]} 5. Bd2 {[%emt 0:01:10]} Be7 {[%emt 0:00:06]} 6. Bg2 {[%emt 0:00:05]} O-O {[%emt 0:00:19]} 7. O-O {[%emt 0:00:05]} c6 {[%emt 0:01:17]} 8. Qc2 {[%emt 0:00:06]} b6 {[%emt 0:03:38]} 9. Nc3 {[%emt 0:04:31][%cal Bb1c3,Bc3e4,Be4g5][%mdl 32] E11: Bogo-Indian.} dxc4 {[%emt 0:10:24]} 10. e4 {[%emt 0:05:42]} Nbd7 {[%emt 0:12:02]} 11. e5 {[%emt 0:03:26]} Nd5 {[%emt 0:01:06]} 12. Ne4 {[%emt 0:00:09]} Ba6 {[%emt 0:09:39]} 13. Neg5 {[%emt 0:08:23][%csl Gg5][%cal Rc2h7]} g6 {[%emt 0:02:38]} 14. h4 {[%emt 0:09:35] [#]} Kg7 $146 {[%emt 0:15:37]} ({Predecessor:} 14... c5 15. Rad1 Qe8 16. h5 Rd8 17. Qa4 Nb8 18. Qc2 Nd7 19. Qa4 Nb8 20. Qc2 Nd7 {½-½ (20) Beecham,C (2478)-James,A (2400) ICCF email 2020}) 15. h5 {[%emt 0:05:14]} c3 {[%emt 0:09:57] [#]} (15... c5 $11 16. Qe4 c3 17. bxc3 Bxf1 18. Bxf1 cxd4 19. cxd4 Rc8) 16. bxc3 $1 $16 {[%emt 0:00:22]} Bxf1 {[%emt 0:00:05]} 17. Bxf1 {[%emt 0:05:50]} b5 {[%emt 0:05:15]} 18. Qe4 {[%emt 0:12:43]} Qe8 {[%emt 0:13:00]} 19. Bd3 {[%emt 0:06:10] White is more active.} (19. Qh4 $16) 19... Bxg5 $11 {[%emt 0:06:48]} 20. Nxg5 {[%emt 0:05:08]} h6 {[%emt 0:01:44]} 21. hxg6 {[%emt 0:09:08]} fxg6 {[%emt 0:02:04]} 22. Nf3 {[%emt 0:02:28]} N7b6 {[%emt 0:04:56]} 23. Kg2 {[%emt 0:02:38][%cal Od2h6] Black must now prevent Bxh6+!} h5 {[%emt 0:05:37]} (23... Nc4 $2 24. Bxh6+ Kxh6 25. Rh1+ Kg7 26. Ng5 $18) 24. Rh1 {[%emt 0:03:23][%cal Od2h6] aiming for Bh6+!} Qf7 $1 {[%emt 0:00:46]} 25. g4 {[%emt 0:05:54] Hoping for gxh5.} Nc4 {[%emt 0:01:24]} 26. Bg5 {[%emt 0:03:11] Threatens to win with gxh5. Really sharp!} Nxc3 {[%emt 0:02:17]} 27. Bf6+ {[%emt 0:00:12] This bishop pair is nice.} Kg8 {[%emt 0:00:01]} 28. Qe1 {[%emt 0:04:37]} Nd5 {[%emt 0:00:00]} (28... Nxa2 $2 29. Ng5 Qd7 30. Bxg6 Rxf6 31. exf6 $18) 29. Ng5 {[%emt 0:05:46]} Qd7 {[%emt 0:00:01]} (29... Nf4+ $2 30. Kg1 Qd7 31. Bxg6 (31. Qe4 Rxf6 32. exf6 e5 $11) 31... Rxf6 32. exf6 $18) 30. Bxg6 {[%emt 0:06:11] Bh7+ is the strong threat.} Nxf6 {[%emt 0:00:15]} ({Don't play} 30... Nf4+ 31. Kg1 Rxf6 32. exf6 $18) 31. exf6 {[%emt 0:00:12]} Rxf6 {[%emt 0:00:14]} 32. Bh7+ {[%emt 0:02:33]} Kg7 {[%emt 0:00:01] And now ...Qd5+ would win.} (32... Kh8 $2 33. Rxh5 Kg7 34. Bf5 $1 Qd5+ 35. f3 $18) 33. Rxh5 {[%emt 0:00:01][%cal Oh7f5] Strongly threatening Bf5!} Raf8 {[%emt 0:00:07] [#]} (33... Rh8 $11 34. Ne4 Qxd4 35. Nxf6 Qxf6) 34. f3 {[%emt 0:01:09]} ({White should play} 34. Bf5 $1 $14 Qd5+ 35. f3 exf5 36. Rh7+ Kg6 37. Qh4 Ne3+ 38. Kg1 fxg4 {[#]} 39. Ne6 $1 {[%mdl 512]}) 34... Rh8 {[%emt 0:00:10]} 35. Qc3 {[%emt 0:01:01] Weighted Error Value: White=0.15 (very precise) /Black=0.08 (flawless)} (35. Ne4 $5 {[%cal Rh5g5]} Qxd4 36. Nxf6 Qxf6 37. Qe4 $11) 1/2-1/2

[Event "10th Norway Chess 2022"]
[Site "Stavanger"]
[Date "2022.06.10"]
[Round "9.1"]
[White "Vachier-Lagrave, Maxime"]
[Black "Giri, Anish"]
[Result "1/2-1/2"]
[WhiteElo "2750"]
[BlackElo "2761"]
[Annotator "TA"]
[PlyCount "64"]
[EventDate "2022.05.30"]
[EventType "tourn"]
[EventCountry "NOR"]
[SourceTitle "playchess.com"]
[Source "ChessBase"]
[SourceQuality "1"]
[TimeControl "40/7200:0"]

{[%evp 9,64,11,52,33,34,18,14,18,33,17,28,15,13,8,19,21,19,17,22,12,8,16,6,0,0,6,0,0,0,0,0,0,0,0,0,0,0,0,0,0,0,-10,0,-9,0,-18,-18,-18,-19,-16,-10,-12,-18,-27,-27,-28,-28]} 1. e4 {[%emt 0:00:02]} c5 {[%emt 0:00:03]} 2. Nf3 {[%emt 0:00:05]} Nc6 {[%emt 0:00:03]} 3. Bb5 {[%emt 0:02:58]} e6 {[%emt 0:00:21]} 4. O-O {[%emt 0:00:05]} Nge7 {[%emt 0:00:04]} 5. Re1 {[%emt 0:04:03]} h6 {[%emt 0:00:21] [#]} 6. b3 $146 {[%emt 0:03:37] B30: Sicilian: 2...Nc6 3 Bb5, lines without ...g6.} (6. c3 $5 {[%cal Rd2d4]}) ({Predecessor:} 6. c3 a6 7. Bf1 d5 8. exd5 Nxd5 9. d3 Be7 10. g3 O-O 11. Bg2 b6 12. Nbd2 Bb7 13. Nc4 {1-0 (83) Dragnev,V (2535)-Blanco Acevedo,C (2304) Warsaw 2021}) 6... a6 {[%emt 0:00:19]} 7. Bxc6 {[%emt 0:00:18]} Nxc6 {[%emt 0:00:20]} 8. Bb2 {[%emt 0:00:04] The position is equal.} b5 {[%emt 0:00:46]} 9. Nc3 {[%emt 0:13:08][%cal Oc3d5]} Be7 {[%emt 0:01:31]} 10. a4 {[%emt 0:02:02]} bxa4 {[%emt 0:00:14]} 11. Nxa4 {[%emt 0:01:39]} O-O {[%emt 0:02:06]} 12. d4 {[%emt 0:08:06]} cxd4 {[%emt 0:01:46]} 13. Nxd4 {[%emt 0:04:44]} Bb7 {[%emt 0:00:14]} 14. Nxc6 {[%emt 0:00:27]} Bxc6 {[%emt 0:00:17]} 15. Qd4 {[%emt 0:00:13][%csl Gb2][%cal Rd4g7] [#]} Bf6 {[%emt 0:04:30] A strong pair of Bishops.} 16. Qd3 {[%emt 0:05:36]} Bxb2 {[%emt 0:17:59]} 17. Nxb2 {[%emt 0:00:07][%cal Ba4b2,Bb2d3,Bd3c5][%mdl 32]} f5 {[%emt 0:00:01]} 18. e5 {[%emt 0:08:08]} a5 {[%emt 0:08:51]} 19. Qd2 {[%emt 0:07:48]} Qh4 {[%emt 0:10:25]} 20. f3 {[%emt 0:03:04]} Rfb8 {[%emt 0:00:42]} 21. Qf2 {[%emt 0:02:06]} Qb4 {[%emt 0:15:27]} 22. Nd3 {[%emt 0:00:33]} Qc3 {[%emt 0:00:50]} 23. Qc5 {[%emt 0:00:31]} Qxc5+ {[%emt 0:11:09]} 24. Nxc5 {[%emt 0:00:15]} Kf7 {[%emt 0:05:47]} 25. Ra2 {[%emt 0:03:43]} g5 {[%emt 0:03:53][%cal Bg7g5,Bg5g4][%mdl 32]} 26. Kf2 {[%emt 0:01:19]} Ke7 {[%emt 0:01:33]} 27. h4 {[%emt 0:06:05]} g4 {[%emt 0:09:32]} 28. Nd3 $1 {[%emt 0:00:19]} a4 {[%emt 0:01:17]} 29. bxa4 {[%emt 0:00:34]} Rxa4 {[%emt 0:00:23]} 30. Rxa4 {[%emt 0:00:05]} Bxa4 {[%emt 0:00:03]} 31. c3 {[%emt 0:03:44]} Rc8 {[%emt 0:00:49]} 32. Rc1 {[%emt 0:00:04]} Bb5 {[%emt 0:02:16] Weighted Error Value: White=0.04 (flawless) /Black=0.03 (flawless)} 1/2-1/2

[Event "10th Norway Chess 2022"]
[Site "Stavanger"]
[Date "2022.06.10"]
[Round "9.1"]
[White "Wang, Hao"]
[Black "So, Wesley"]
[Result "1/2-1/2"]
[WhiteElo "2744"]
[BlackElo "2766"]
[Annotator "TA"]
[PlyCount "56"]
[EventDate "2022.05.30"]
[EventType "tourn"]
[EventCountry "NOR"]
[SourceTitle "playchess.com"]
[Source "ChessBase"]
[SourceQuality "1"]
[TimeControl "40/7200:0"]

{[%evp 18,56,19,12,20,20,10,13,15,19,20,14,12,9,12,4,9,2,5,8,6,0,0,0,0,0,0,0,0,0,0,0,0,0,0,0,0,0,0,0,0]} 1. e4 {[%emt 0:00:04]} e5 {[%emt 0:00:57]} 2. Nf3 {[%emt 0:00:06]} Nc6 {[%emt 0:00:05]} 3. Bb5 {[%emt 0:00:03]} Nf6 {[%emt 0:00:24]} 4. O-O {[%emt 0:00:09][%cal Bh1f1,Bf1e1,Be1e5][%mdl 32]} Nxe4 {[%emt 0:00:16]} 5. Re1 {[%emt 0:00:05]} Nd6 {[%emt 0:00:05]} 6. Nxe5 {[%emt 0:00:06]} Be7 {[%emt 0:00:05]} 7. Bf1 {[%emt 0:00:06]} Nxe5 {[%emt 0:00:23]} 8. Rxe5 {[%emt 0:00:06]} O-O {[%emt 0:00:06]} 9. d4 {[%emt 0:00:26]} Bf6 {[%emt 0:00:30]} 10. Re1 {[%emt 0:00:07] The position is equal.} Re8 {[%emt 0:00:05] C67: Ruy Lopez: Berlin Defence: 4 0-0 Nxe4.} 11. Bf4 {[%emt 0:02:32]} Rxe1 {[%emt 0:00:21]} 12. Qxe1 {[%emt 0:00:04]} Ne8 {[%emt 0:00:04]} 13. c3 {[%emt 0:00:55]} d5 {[%emt 0:00:49]} 14. Bd3 {[%emt 0:00:15]} g6 {[%emt 0:09:29]} 15. Nd2 {[%emt 0:00:43][%cal Bb1d2,Bd2f3,Bf3e5][%mdl 32]} Ng7 {[%emt 0:01:52]} 16. Qe2 {[%emt 0:02:37]} c6 {[%emt 0:04:47]} 17. Re1 {[%emt 0:01:54]} Bf5 {[%emt 0:03:18]} 18. Bxf5 {[%emt 0:00:12]} Nxf5 {[%emt 0:00:09]} 19. Nf3 {[%emt 0:00:18]} Ng7 {[%emt 0:04:03]} 20. Be5 {[%emt 0:11:55]} Bxe5 {[%emt 0:04:47]} 21. Nxe5 {[%emt 0:00:59]} Qd6 {[%emt 0:00:06]} 22. Qf3 {[%emt 0:01:49]} f6 {[%emt 0:00:44]} 23. Ng4 {[%emt 0:02:54]} Re8 {[%emt 0:00:12][%cal Re8e1] [#]} 24. Re5 $146 {[%emt 0:05:10]} ({Predecessor:} 24. Rxe8+ Nxe8 25. g3 h5 26. Qe2 Kf7 27. Ne3 Qe6 28. f3 Nd6 29. Kf2 Qh3 30. Kg1 Qe6 31. Kf2 Qh3 32. Kg1 Qe6 {½-½ (32) Aronian,L (2781)-So,W (2770) chess24.com INT 2020}) 24... Kf7 {[%emt 0:02:27]} (24... fxe5 $2 25. Nh6+ Kh8 26. Nf7+ Kg8 27. Nxd6 $18) 25. Nh6+ {[%emt 0:01:49]} Kf8 {[%emt 0:01:12]} 26. Ng4 {[%emt 0:00:07]} Kf7 {[%emt 0:00:06]} 27. Nh6+ {[%emt 0:00:05]} Kf8 {[%emt 0:00:06]} 28. Ng4 {[%emt 0:00:04]} Kf7 {[%emt 0:00:05] A balanced but interesting game.  Weighted Error Value: White=0.02 (flawless) /Black=0.00 (flawless)} 1/2-1/2

[Event "10th Norway Chess 2022"]
[Site "Stavanger"]
[Date "2022.06.10"]
[Round "9.1"]
[White "Topalov, Veselin"]
[Black "Carlsen, Magnus"]
[Result "1/2-1/2"]
[WhiteElo "2730"]
[BlackElo "2864"]
[Annotator "TA"]
[PlyCount "69"]
[EventDate "2022.05.30"]
[EventType "tourn"]
[EventCountry "NOR"]
[SourceTitle "playchess.com"]
[Source "ChessBase"]
[SourceQuality "1"]
[TimeControl "40/7200:0"]

{[%evp 10,69,14,12,13,11,29,17,19,12,14,12,12,12,9,9,12,9,10,10,12,12,12,12,14,14,21,21,21,21,21,21,47,47,39,33,26,22,39,10,0,8,8,3,28,22,31,19,29,18,42,21,21,24,24,24,32,17,9,0,0,0]} 1. e4 {[%emt 0:00:03]} e5 {[%emt 0:00:05]} 2. Nf3 {[%emt 0:00:06]} Nc6 {[%emt 0:00:11]} 3. Bc4 {[%emt 0:00:05]} Nf6 {[%emt 0:00:06]} 4. d3 {[%emt 0:00:06]} Bc5 {[%emt 0:00:06]} 5. c3 {[%emt 0:00:13]} d6 {[%emt 0:00:27]} 6. O-O {[%emt 0:00:16]} a5 {[%emt 0:00:17] C54: Giuoco Piano: 4 c3 Nf6, main lines with 5 d4 and 5 d3.} 7. Re1 {[%emt 0:03:17]} Ba7 {[%emt 0:00:29]} 8. Nbd2 {[%emt 0:09:57][%cal Bb1d2,Bd2f1,Bf1g3][%mdl 32]} O-O {[%emt 0:01:27]} 9. Nf1 {[%emt 0:00:54]} Be6 {[%emt 0:09:32]} 10. Bxe6 {[%emt 0:05:10]} fxe6 {[%emt 0:00:02]} 11. Be3 {[%emt 0:00:20]} (11. Ng3 {keeps more tension.} Ng4 12. Re2 a4 13. h3) 11... Bxe3 {[%emt 0:00:13] [#]} 12. Rxe3 $146 {[%emt 0:00:11]} ({Predecessor:} 12. Nxe3 a4 13. b4 axb3 14. axb3 Qd7 15. b4 Ne7 16. Qb3 h6 17. Nd2 Ng6 18. g3 {1-0 (54) Ponomariov,R (2675)-Cheparinov,I (2667) Hengshui 2019}) 12... Qd7 {[%emt 0:02:58]} 13. Rc1 {[%emt 0:02:39]} a4 {[%emt 0:01:22]} 14. Ng3 {[%emt 0:04:04]} Qf7 {[%emt 0:03:18]} 15. d4 {[%emt 0:05:20]} h6 {[%emt 0:04:49]} 16. Qe2 {[%emt 0:02:14]} Ra5 {[%emt 0:04:15]} 17. h3 {[%emt 0:03:40]} Nh5 {[%emt 0:02:35]} 18. Nxh5 {[%emt 0:03:22]} Qxh5 {[%emt 0:00:03]} 19. Rd1 {[%emt 0:03:21]} Qf7 {[%emt 0:07:54]} 20. a3 {[%emt 0:01:44]} exd4 {[%emt 0:19:09]} 21. cxd4 {[%emt 0:00:21]} Ne7 {[%emt 0:03:45]} 22. g3 {[%emt 0:03:44]} Nc8 {[%emt 0:04:49]} 23. Nh4 {[%emt 0:07:52][%cal Bf3h4,Bh4g6,Bg6e5][%mdl 32]} Nb6 {[%emt 0:07:12]} 24. e5 {[%emt 0:07:28]} dxe5 {[%emt 0:06:53]} 25. Rf3 {[%emt 0:00:20]} Qe8 {[%emt 0:01:07]} 26. Rxf8+ {[%emt 0:00:07]} Qxf8 {[%emt 0:00:51]} 27. Ng6 {[%emt 0:02:39]} Qe8 {[%emt 0:00:47]} 28. Nxe5 {[%emt 0:00:18]} Rd5 {[%emt 0:00:17]} 29. Qc2 {[%emt 0:11:19]} Qd8 {[%emt 0:03:13]} 30. Rd3 {[%emt 0:02:00] Hoping for Rf3.} ({Don't blunder} 30. Qg6 $2 Rxe5 31. Qd3 Rd5 $19) 30... Rxd4 {[%emt 0:07:29]} 31. Rxd4 {[%emt 0:01:16]} Qxd4 {[%emt 0:00:08]} 32. Qxc7 {[%emt 0:00:04]} Kh7 {[%emt 0:02:45]} 33. Qc2+ {[%emt 0:04:58]} Kg8 $1 {[%emt 0:00:02]} 34. Qe2 {[%emt 0:00:53]} ({Don't play} 34. Qc7 $6 Kh7 $16) 34... Nd7 {[%emt 0:01:19]} 35. Nxd7 {[%emt 0:03:08] Weighted Error Value: White=0.04 (flawless) /Black=0.03 (flawless)} 1/2-1/2

[Event "10th Norway Chess 2022"]
[Site "Stavanger"]
[Date "2022.06.10"]
[Round "9.1"]
[White "Tari, Aryan"]
[Black "Anand, Viswanathan"]
[Result "1/2-1/2"]
[WhiteElo "2654"]
[BlackElo "2751"]
[Annotator "TA"]
[PlyCount "43"]
[EventDate "2022.05.30"]
[EventType "tourn"]
[EventCountry "NOR"]
[SourceTitle "playchess.com"]
[Source "ChessBase"]
[SourceQuality "1"]
[TimeControl "40/7200:0"]

{[%evp 18,43,27,17,6,9,11,22,27,0,0,0,0,0,0,0,0,0,0,0,0,0,0,0,0,0,0,0]} 1. e4 {[%emt 0:00:03]} e5 {[%emt 0:00:07]} 2. Nf3 {[%emt 0:00:07]} Nc6 {[%emt 0:00:06]} 3. Bb5 {[%emt 0:00:19][%cal Bf1b5,Bb5a4,Ba4b3,Bb3c2][%mdl 32]} a6 {[%emt 0:00:08]} 4. Ba4 {[%emt 0:00:08]} Nf6 {[%emt 0:00:11]} 5. O-O {[%emt 0:00:11]} Nxe4 {[%emt 0:00:09]} 6. d4 {[%emt 0:00:25]} b5 {[%emt 0:00:07]} 7. Bb3 {[%emt 0:00:06]} d5 {[%emt 0:00:07]} 8. dxe5 {[%emt 0:00:32]} Be6 {[%emt 0:00:07]} 9. c3 {[%emt 0:03:12]} Be7 {[%emt 0:00:31]} 10. Bc2 {[%emt 0:01:28]} Bg4 {[%emt 0:01:19] C83: Open Ruy Lopez: 9 c3 Be7.} 11. Qe1 {[%emt 0:00:45]} Bxf3 {[%emt 0:05:45]} 12. gxf3 {[%emt 0:00:14]} Nc5 {[%emt 0:00:51]} (12... Nxe5 $2 13. Qe2 $18) 13. b4 {[%emt 0:34:10] [#]} Na4 $146 {[%emt 0:06:51] The position is equal.} ({Predecessor:} 13... Ne6 14. f4 g6 15. Qe2 Bf8 16. a4 Rb8 17. axb5 axb5 18. Kh1 Qh4 19. Qf3 Ne7 {1-0 (53) Haria,R (2490)-Girya,O (2405) Gibraltar 2022}) 14. f4 {[%emt 0:01:41]} Qd7 {[%emt 0:09:51]} 15. Qe2 {[%emt 0:06:09] Prevents Qg4+.} Nxc3 {[%emt 0:12:20]} 16. Nxc3 {[%emt 0:00:14]} Nd4 {[%emt 0:00:06]} 17. Qd1 {[%emt 0:02:05] [#] Black must now prevent f5.} Nxc2 {[%emt 0:00:20]} 18. Qxc2 {[%emt 0:00:11] Qd3 is the strong threat.} Qg4+ {[%emt 0:00:05]} 19. Kh1 {[%emt 0:00:04] aiming for Qd3.} Qf3+ {[%emt 0:00:08]} 20. Kg1 {[%emt 0:00:05] Hoping for Ne2.} Qg4+ {[%emt 0:00:06]} 21. Kh1 {[%emt 0:00:03] [#] Threatens to win with Qd3.} Qf3+ {[%emt 0:00:11]} 22. Kg1 {[%emt 0:00:05] An even fight not without its subleties.  Weighted Error Value: White=0.06 (flawless) /Black=0.01 (flawless)} 1/2-1/2

[Event "10th Norway Chess 2022"]
[Site "Stavanger"]
[Date "2022.06.10"]
[Round "9.2"]
[White "Mamedyarov, Shakhriyar"]
[Black "Radjabov, Teimour"]
[Result "1/2-1/2"]
[WhiteElo "2770"]
[BlackElo "2753"]
[Annotator "TA"]
[PlyCount "59"]
[EventDate "2022.05.30"]
[EventType "tourn"]
[EventCountry "NOR"]
[SourceTitle "playchess.com"]
[Source "ChessBase"]
[SourceQuality "1"]

{[%evp 11,59,12,27,0,4,-48,-18,-102,-11,-19,5,-1,-12,-63,16,-125,-118,-128,-131,-150,-146,-125,-141,-230,0,-38,0,-246,-262,-281,-258,-392,-435,-522,-509,-595,-606,-648,-637,-769,-579,-1345,-1384,-1191,0,-705,0,-1026,0,-531]} 1. Nf3 Nf6 {[%emt 0:00:02]} 2. c4 e6 {[%emt 0:00:02]} 3. b3 {[%emt 0:00:09]} d5 {[%emt 0:00:07]} 4. Bb2 {[%emt 0:00:01]} c5 {[%emt 0:00:04]} 5. e3 {[%emt 0:00:02]} Nc6 {[%emt 0:00:04]} 6. cxd5 {[%emt 0:00:15]} exd5 {[%emt 0:00:04]} 7. a3 {[%emt 0:00:04] A13: English Opening: 1...e6.} Be7 {[%emt 0:00:02]} 8. Qc2 {[%emt 0:00:06] [#]} (8. d4 $11) 8... Be6 $146 {[%emt 0:00:12]} ({Predecessor:} 8... d4 9. exd4 Nxd4 10. Nxd4 cxd4 11. Bb5+ Bd7 12. Qf5 Qb6 13. Bxd7+ Nxd7 14. O-O Nf6 {1-0 (45) Christen,S (1731)-Kaypak,O (1339) Duisburg Rheinhausen 2015}) 9. Ng5 {[%emt 0:00:14]} (9. Bb5 $11) 9... Qd7 {[%emt 0:00:07]} ({Better is} 9... Bg4 $17 10. Nc3 h6) 10. Nxe6 $11 {[%emt 0:00:17]} Qxe6 {[%emt 0:00:12]} 11. Nc3 {[%emt 0:00:06]} O-O {[%emt 0:00:07]} 12. Bd3 {[%emt 0:00:32]} ({White should try} 12. Ne2 $11) 12... Bd6 {[%emt 0:00:34]} (12... Nd4 $1 $15 13. Qd1 c4 14. bxc4 dxc4) 13. O-O-O {[%emt 0:00:14]} (13. O-O $11 {keeps the balance.}) 13... c4 $17 {[%emt 0:00:12]} 14. bxc4 {[%emt 0:01:14]} dxc4 {[%emt 0:00:01]} 15. Bf5 {[%emt 0:00:01]} Qe7 {[%emt 0:00:02]} 16. Nb5 {[%emt 0:00:47] [#]} Be5 $1 {[%emt 0:00:08]} 17. Nc3 {[%emt 0:00:27] [#]} ({Don't blunder} 17. Qxc4 $2 Bxb2+ 18. Kxb2 Qe5+ 19. Nd4 Nxd4 20. Bxh7+ Kxh7 $19) (17. d4 $17 cxd3 18. Rxd3) 17... Bd6 $2 {[%emt 0:00:04]} (17... b5 $1 $19 {[%cal Rb5b4]} 18. f4 Bxc3 19. Qxc3 Qc5) 18. Nb5 $15 {[%emt 0:01:27]} Be5 {[%emt 0:00:02] White must now prevent ...Bxb2+.} 19. f4 $2 {[%emt 0:00:03]} ({Wrong is} 19. Qxc4 $2 Bxb2+ 20. Kxb2 Qe5+ 21. Nd4 Nxd4 22. Bxh7+ Nxh7 $19) (19. Nc3 $1 $11 {and White stays safe.}) 19... Bxb2+ $19 {[%emt 0:00:08]} 20. Qxb2 {[%emt 0:00:02]} a6 {[%emt 0:00:18]} 21. Nc3 {[%emt 0:00:02]} (21. Nd4 $142) 21... b5 {[%emt 0:00:05]} 22. g4 {[%emt 0:00:03]} b4 {[%emt 0:00:37]} 23. axb4 {[%emt 0:00:05]} Nxb4 {[%emt 0:00:02]} 24. g5 {[%emt 0:00:17]} Nfd5 {[%emt 0:00:40] ...Rab8 is the strong threat.} 25. Nxd5 {[%emt 0:00:08]} Nxd5 {[%emt 0:00:02]} 26. Qe5 {[%emt 0:00:05]} Qa3+ {[%emt 0:00:07]} 27. Qb2 {[%emt 0:00:01]} Qe7 {[%emt 0:00:10]} 28. Qe5 $1 {[%emt 0:00:01]} Qa3+ 29. Qb2 {[%emt 0:00:01] Really sharp!} Qe7 {[%emt 0:00:03]} 30. Qe5 $1 {[%emt 0:00:02][%mdl 32768] Weighted Error Value: White=0.69/Black=0.79. An unexpected result.} 1/2-1/2